Modern microeconomics : (Record no. 16677)

MARC details
000 -LEADER
fixed length control field 00588cam a22002172 4500
001 - CONTROL NUMBER
control field 0000008587
003 - CONTROL NUMBER IDENTIFIER
control field OSt
005 - DATE AND TIME OF LATEST TRANSACTION
control field 20180222094925.0
008 - FIXED-LENGTH DATA ELEMENTS--GENERAL INFORMATION
fixed length control field 080428s xx 000 0 eng d
020 ## - INTERNATIONAL STANDARD BOOK NUMBER
International Standard Book Number 8121903745 :
Terms of availability KES 2050
040 ## - CATALOGING SOURCE
Original cataloging agency KABU
Transcribing agency KABU
100 1# - MAIN ENTRY--PERSONAL NAME
Personal name Ahuja, H. L.
245 10 - TITLE STATEMENT
Title Modern microeconomics :
Remainder of title theory and applications /
Statement of responsibility, etc. H. L. Ahuja.
250 ## - EDITION STATEMENT
Edition statement 18th ed.
260 ## - PUBLICATION, DISTRIBUTION, ETC. (IMPRINT)
Place of publication, distribution, etc. New Delhi :
Name of publisher, distributor, etc. S. Chand,
Date of publication, distribution, etc. 2013.
300 ## - PHYSICAL DESCRIPTION
Extent xvi, 963 p.
650 #0 - SUBJECT ADDED ENTRY--TOPICAL TERM
Topical term or geographic name as entry element Microeconomics.
908 ## - PUT COMMAND PARAMETER (RLIN)
Put command parameter 080428
942 ## - ADDED ENTRY ELEMENTS (KOHA)
Source of classification or shelving scheme Library of Congress Classification
Koha item type General Collection
Holdings
Withdrawn status Lost status Source of classification or shelving scheme Not for loan Home library Current library Shelving location Date acquired Cost, normal purchase price Total Checkouts Full call number Barcode Date last seen Date last checked out Copy number Price effective from Koha item type Total Renewals Inventory number
    Library of Congress Classification   Kabarak, Main Campus Kabarak, Main Campus General Stacks 22/02/2018 2050.00 15 HB172 A38 2011 c.1 024541 02/12/2024 25/11/2024 c.1 22/02/2018 General Collection    
    Library of Congress Classification   Kabarak, Main Campus Kabarak, Main Campus General Stacks 22/02/2018 2050.00 15 HB172 A38 2011 c.2 024540 20/08/2024 19/08/2024 c.2 22/02/2018 General Collection 1  
    Library of Congress Classification   Kabarak, Main Campus Kabarak, Main Campus General Stacks 23/03/2018 2050.00 11 HB172 A38 2011 c.3 024469 17/09/2024 20/08/2024 c.3 23/03/2018 General Collection 2 2018/0655
Designed with assistance from East African Informatics Ltd